000 00338nam a2200133Ia 4500
008 240624s9999 xx 000 0 und d
041 _aeng
082 _a657.45 FAR
100 _aFARBEY A D
245 _aADVERTISING AGENCY AUDIT
260 _aUK
_bCambridge Strategy Publications Ltd
300 _a145 : p. : cm. ; 29
365 _cRS
_b50
999 _c28463
_d28463